Statistiques concernant Capitales par les deux premières lettres (avec une carte semi-vide)

Cliquez ici pour prendre le quiz!

Statistiques générales

  • Ce quiz a été pris 5 924 fois
  • Le résultat moyen est 97 sur 196

Réponses sur la Carte

Les réponses sont colorées sur une échelle allant du rouge au vert en fonction du pourcentage des utilisateurs qui les ont devinées à leur premier essai. Vous pouvez retrouver ces pourcentages ci-dessous.
 

Statistiques - réponses

capitale% Correct
Palikir
95%
Panama
95%
Paramaribo
95%
Paris
95%
Madrid
90%
Majuro
90%
Malabo
90%
Malé
90%
Managua
90%
Manama
90%
Manille
90%
Maputo
90%
Mascate
90%
Maseru
90%
Mogadiscio
87%
Monaco
87%
Monrovia
87%
Montevideo
87%
Moroni
87%
Moscou
87%
Libreville
86%
Lilongwe
86%
Lima
86%
Lisbonne
86%
Le Caire
84%
Pretoria
84%
Lomé
82%
Londres
82%
Washington
80%
Brasilia
78%
Bratislava
78%
Brazzaville
78%
Bridgetown
78%
Bruxelles
78%
La Valette
78%
Belgrade
77%
Belmopan
77%
Berlin
77%
Berne
77%
Beyrouth
77%
Canberra
72%
Caracas
72%
Castries
72%
La Paz
72%
Reykjavik
71%
Saint-Domingue
71%
Saint George's
71%
Saint John's
71%
Saint-Marin
71%
Sanaa
71%
San José
71%
San Salvador
71%
Santiago
71%
Sao Tomé
71%
Sarajevo
71%
Porto-Novo
70%
La Havane
69%
Bucarest
68%
Budapest
68%
Buenos Aires
68%
Bujumbura
68%
Tokyo
65%
Pékin
64%
Dublin
62%
Melekeok
61%
Mexico
60%
Rome
60%
Roseau
60%
Ottawa
58%
Rabat
57%
Oslo
56%
Bagdad
54%
Bakou
54%
Bamako
54%
Bandar Seri
Begawan
54%
Bangkok
54%
Bangui
54%
Banjul
54%
Basseterre
54%
Alger
53%
Colombo
53%
Riga
53%
Riyad
53%
Andorre-la-Vieille
52%
Ankara
52%
Antananarivo
52%
Helsinki
51%
Tachkent
51%
Taipei
51%
Tallinn
51%
Tarawa-Sud
51%
Stockholm
49%
Conakry
48%
Copenhague
48%
Séoul
48%
Tunis
48%
Vaduz
48%
Varsovie
48%
Vatican
48%
Kiev
46%
Kigali
46%
Kingston
46%
Kingstown
46%
Kinshasa
46%
Luanda
46%
Lusaka
46%
Luxembourg
46%
Podgorica
46%
Port-au-Prince
46%
Port-d'Espagne
46%
Port-Louis
46%
Port Moresby
46%
Port-Vila
46%
Minsk
44%
Victoria
44%
Vienne
44%
Vientiane
44%
Vilnius
44%
Dacca
43%
Dakar
43%
Damas
43%
New Delhi
43%
Bogotá
40%
Amman
38%
Amsterdam
38%
Prague
37%
Praia
37%
Pristina
37%
Asmara
36%
Astana
36%
Asunción
36%
Nairobi
36%
Nassau
36%
Naypyidaw
36%
Athènes
35%
Tegucigalpa
35%
Téhéran
35%
Wellington
35%
Niamey
33%
Nicosie
33%
Suva
32%
Sofia
31%
Bichkek
30%
Bissau
30%
Tirana
30%
Jakarta
29%
Kaboul
29%
Kampala
29%
Katmandou
29%
Singapour
28%
Dodoma
27%
Doha
27%
Douchanbé
27%
Nouakchott
27%
Pyongyang
27%
Ouagadougou
26%
Oulan-Bator
26%
Hanoï
25%
Harare
25%
Guatemala
24%
Quito
24%
Tripoli
23%
Dili
21%
Zagreb
21%
Abou Dabi
20%
Abuja
20%
Nukuʻalofa
20%
Chișinău
19%
Georgetown
19%
Koweït
18%
Kuala Lumpur
18%
Accra
17%
Achgabat
17%
Gaborone
17%
Honiara
16%
Islamabad
16%
Jérusalem
15%
Yamoussoukro
15%
Yaoundé
15%
Yaren
15%
Addis-Abeba
14%
Windhoek
14%
Apia
13%
Djibouti
13%
Djouba
13%
Erevan
12%
Freetown
12%
Funafuti
12%
Ljubljana
10%
Phnom Penh
10%
Skopje
9%
Thimphou
9%
Mbabane
7%
Tbilissi
7%
Ndjamena
6%
Khartoum
5%

Distribution des résultats

Percentile par nombre de réponses

% des personnes avec chaque résultat

Votre développement - résultats

Vous n’avez pas pris ce quiz